000 00900nam a2200229Ia 4500
001 17764
003 GE_BSU
008 181216s||||||||xx |||||||||||||| ||und||
020 _a9789941456810
040 _cGE_BSU
080 _a621.1+629.463+664(072)
100 _aმიქაბერიძე, მ.
245 _aთბოტექნიკისა და სამაცივრო ტექნიკის საფუძვლები
245 _cრედ.:ქ.კინწურაშვილი
260 _aქუთაისი
260 _bაკაკი წერეთლის სახ. უნ-ტი
260 _c2015
300 _a272 გვ.ილ.ცხრ.21სმ.
300 _eბიბლ.გვ.267
653 _aთბოტექნიკისა და სამაცივრო ტექნიკის საფუძვლები
942 _cBK
999 _c50811
_d50811